000 01064nam a22002297a 4500
001 00515
003 DO-SdBNP
005 20160609113821.0
007 00515
008 160609b mx 2002||||| |||| 00| 0 spa d
020 _a9789706860958
040 _aBPMSU
_bspa
_cPMSU
092 _axxxxxxxxxx
_bxxxxxxxxx
100 1 _aGere, James M.
245 1 _aMecánica de materiales /
_cJames M. Gere
250 _a5a ed.
260 _aMéxico :
_bThomson * Learning,
_c2002.
300 _axviii, 926 p. :
_bil.,
_c26 cm.
505 _tTensión, comprensión y cortante --
_tMiembros cargados axialmente --
_tTorsión --
_tFuerzas cortantes y momentos flexionantes --
_tEsfuerzos en vigas (tema básicos) --
_tEsfuerzos en vigas (tema avanzados) --
_tAnálisis de esfuerzos y deformaciones unitarias --
_tAplicaciones del esfuerzo plano (recipientes a presión, vigas y cargas combinadas) --
_tDeflexiones de vigas --
_tVigas estáticamente indeterminadas --
_tColumnas --
_trepaso de centroides y momentos de inercia.
942 _2ddc
_cBK
956 _aBTAVÄREZ
_b10
_c09062106
_d00515
999 _c10333
_d10333